00614nam a22002177a 450000500170000001000110001702000100002803500110003803700160004904000120006508200130007724501080009026000490019827000140024730000250026150000200028665000160030665000240032270000270034670000230037320170124110147.0 a493082 c00.00 a493082 bCen Lib/Ret aDPLbEN a150bEXP aExperimental foundation of general psychology /cedited by Willrad L. Valentine [and] Delos D. Wickens  aNew York bHolt, Rinehart and Winston c1960 bNew York  axxi, 472p.c19cm(Hb) aIncludes index  aPsychology  aExperimental works  aValentine, Willrad L. aWickens, Delos D.